000 00484nam a2200169 4500
008 0 2001 0ant 000 0ESP
020 _a84-481-2829-X
050 _aQC34 W3618 2001
082 _a536.7 W134t
100 _aWark, Kenneth
245 _aTermodin mica / Kenneth Wark, Donald E. Richards
250 _a6a ed
260 _aMadrid, España : McGraw Hill
300 _axix, 1048 p. / 27 cm.
650 _a1.TERMODINAMICA
700 _aI. Richards, Donald E. coaut.
999 _c18671
_d18671